| 000 | 00417nam a2200169 i 4500 | ||
|---|---|---|---|
| 001 | bg | ||
| 100 | 1 | _aPENKALA, Tadeusz | |
| 245 | 0 |
_aOptyka kryształów / _cTadeusz Penkala. |
|
| 260 |
_aWarszawa : _bPWN, _c1971. |
||
| 650 | 9 |
_aKryształy _xoptyka |
|
| 655 | _aPodręczniki akademickie | ||
| 040 | _cBPK | ||
| 041 | _apol | ||
| 080 | _a548:535](075.8) | ||
| 942 | _cKS | ||
| 008 | s pl f |000 0 pol | ||
| 999 |
_c7356 _d7356 |
||
| 856 |
_uhttp://koha.tu.koszalin.pl/cgi-bin/koha/opac-detail.pl?biblionumber=7356 _yKatalog online BPK |
||